[Event "CZE-ch Amateurs 2022"]
[Site "Luhacovice"]
[Date "2022.03.16"]
[Round "6.1"]
[White "Buchcar, Tomas"]
[Black "Zvolensky, David"]
[Result "1-0"]
[WhiteElo "2121"]
[BlackElo "2159"]
[Annotator "ChessBase"]
[PlyCount "31"]
[EventDate "2022.03.12"]
[EventType "swiss"]
[EventCountry "CZE"]
[SourceTitle "playchess.com"]
[Source "ChessBase"]
[SourceQuality "1"]
[TimeControl "5400+30"]

1. d4 {[%emt 0:00:10]} Nf6 {[%emt 0:00:08]} 2. Bf4 {[%emt 0:00:17]} d5 {[%emt 0:01:09]} 3. e3 {[%emt 0:00:10]} c5 {[%emt 0:00:29]} 4. c3 {[%emt 0:00:08]} Nc6 {[%emt 0:00:20]} 5. Nd2 {[%emt 0:00:11]} Bf5 {[%emt 0:03:42]} 6. Ngf3 {[%emt 0:10:11]} Qb6 {[%emt 0:07:07]} 7. Qb3 {[%emt 0:02:05]} c4 {[%emt 0:00:22]} 8. Qxb6 {[%emt 0:02:35]} axb6 {[%emt 0:00:14]} 9. a3 {[%emt 0:04:02]} h6 {[%emt 0:01:17]} 10. Be2 {[%emt 0:05:58]} e6 {[%emt 0:02:07]} 11. h3 {[%emt 0:04:26]} Be7 {[%emt 0:05:37]} 12. O-O {[%emt 0:00:27]} g5 {[%emt 0:00:28]} 13. Bg3 {[%emt 0:07:01]} Nd7 {[%emt 0:02:15]} 14. Rac1 {[%emt 0:08:15]} Ra5 {[%emt 0:08:01]} 15. Ne1 {[%emt 0:01:00]} Rb5 {[%emt 0:10:52]} 16. b4 {[%emt 0:02:27]} 1-0

[Event "CZE-ch Amateurs 2022"]
[Site "Luhacovice"]
[Date "2022.03.16"]
[Round "6.2"]
[White "Jedlicka, Ales"]
[Black "Kupsa, Matej"]
[Result "1/2-1/2"]
[WhiteElo "2223"]
[BlackElo "2097"]
[Annotator "RC"]
[PlyCount "153"]
[EventDate "2022.03.12"]
[EventType "swiss"]
[EventCountry "CZE"]
[SourceTitle "playchess.com"]
[Source "ChessBase"]
[SourceQuality "1"]
[TimeControl "5400+30"]

1. d4 {[%emt 0:00:14]} Nf6 {[%emt 0:01:15]} 2. c4 {[%emt 0:00:17]} e6 {[%emt 0:00:05]} 3. Nf3 {[%emt 0:01:04]} d5 {[%emt 0:01:38]} 4. g3 {[%emt 0:01:47]} Bb4+ {[%emt 0:03:40]} 5. Bd2 {[%emt 0:00:23]} Be7 {[%emt 0:00:05]} 6. Bg2 {[%emt 0:00:15]} O-O {[%emt 0:00:07]} 7. O-O {[%emt 0:00:15]} Nbd7 {[%emt 0:08:32]} 8. Qc2 {[%emt 0:00:47]} Ne4 {[%emt 0:02:35]} 9. Bf4 {[%emt 0:00:49]} c6 {[%emt 0:00:11]} 10. Nc3 {[%emt 0:00:16]} g5 {[%emt 0:00:29]} 11. Bc1 {[%emt 0:01:28]} f5 {[%emt 0:05:00]} 12. Nxe4 {[%emt 0:00:37]} dxe4 {[%emt 0:03:49]} 13. Nd2 {[%emt 0:03:12]} e5 {[%emt 0:05:16]} 14. e3 {[%emt 0:05:51]} Bf6 {[%emt 0:01:48]} 15. Nb3 {[%emt 0:01:48]} Nb6 {[%emt 0:06:06]} 16. Bd2 {[%emt 0:13:23]} Be6 {[%emt 0:04:04]} 17. Na5 {[%emt 0:08:55]} exd4 {[%emt 0:05:37]} 18. exd4 {[%emt 0:00:14]} Bxd4 {[%emt 0:06:43]} 19. Rad1 {[%emt 0:03:29]} c5 {[%emt 0:03:18]} 20. b4 {[%emt 0:01:05]} Qe7 {[%emt 0:06:37]} 21. bxc5 {[%emt 0:09:38]} Bxc5 {[%emt 0:00:27]} 22. g4 {[%emt 0:01:08]} e3 {[%emt 0:04:12]} 23. Bxe3 {[%emt 0:04:05]} f4 {[%emt 0:00:23]} 24. Bxc5 {[%emt 0:02:17]} Qxc5 {[%emt 0:01:01]} 25. Nxb7 {[%emt 0:00:25]} Qxc4 {[%emt 0:00:21]} 26. Qxc4 {[%emt 0:00:57]} Bxc4 {[%emt 0:00:57]} 27. Rfe1 {[%emt 0:02:09]} f3 {[%emt 0:07:48]} 28. Bf1 {[%emt 0:02:35]} Bxa2 {[%emt 0:00:05]} 29. Re5 {[%emt 0:00:32]} h6 {[%emt 0:00:10]} 30. Ra1 {[%emt 0:02:42]} Bd5 {[%emt 0:06:00]} 31. Rxd5 {[%emt 0:01:16]} Nxd5 {[%emt 0:00:43]} 32. Bc4 {[%emt 0:00:09]} Kg7 {[%emt 0:01:30]} 33. Bxd5 {[%emt 0:00:20]} Rae8 {[%emt 0:02:54]} 34. Nc5 {[%emt 0:04:36]} Rf6 {[%emt 0:02:37]} 35. Rxa7+ {[%emt 0:05:55]} Kh8 {[%emt 0:00:03]} 36. h3 {[%emt 0:06:22]} Rd8 {[%emt 0:08:00]} 37. Ra8 {[%emt 0:00:56]} Rxa8 {[%emt 0:00:02]} 38. Bxa8 {[%emt 0:00:10]} Kg7 {[%emt 0:00:45]} 39. Kh2 {[%emt 0:00:33]} h5 {[%emt 0:00:57]} 40. Nd7 {[%emt 0:03:55]} Rf4 {[%emt 0:01:32]} 41. gxh5 {[%emt 0:01:07]} Kh6 {[%emt 0:01:56]} 42. Ne5 {[%emt 0:01:00]} Kxh5 {[%emt 0:00:24]} 43. Bxf3+ {[%emt 0:00:19]} Kh6 {[%emt 0:00:08]} 44. Kg3 {[%emt 0:00:20]} Rb4 {[%emt 0:00:32]} 45. Ng4+ {[%emt 0:01:07]} Kg6 {[%emt 0:00:07]} 46. Ne3 {[%emt 0:00:17]} Kh6 {[%emt 0:00:18]} 47. Bd5 {[%emt 0:00:28]} Kg6 {[%emt 0:01:12]} 48. f3 {[%emt 0:00:20]} Ra4 {[%emt 0:00:18]} 49. Be4+ {[%emt 0:07:03]} Kh5 {[%emt 0:01:23]} 50. Nd5 {[%emt 0:00:30]} Ra6 {[%emt 0:00:30]} 51. Bf5 {[%emt 0:00:30]} Rd6 {[%emt 0:00:30]} 52. Bg4+ {[%emt 0:00:30]} Kh6 {[%emt 0:00:30]} 53. Ne7 {[%emt 0:00:30]} Rb6 {[%emt 0:00:30]} 54. Nd5 {[%emt 0:00:30]} Rd6 {[%emt 0:00:30]} 55. Nc3 {[%emt 0:00:30]} Rf6 {[%emt 0:00:30]} 56. Kf2 {[%emt 0:00:30]} Rf8 {[%emt 0:00:30]} 57. Ke3 {[%emt 0:00:30]} Kg6 {[%emt 0:00:30]} 58. Ne4 {[%emt 0:00:30]} Rd8 {[%emt 0:00:30]} 59. Nc5 {[%emt 0:00:30]} Kf6 {[%emt 0:00:30]} 60. Nd7+ {[%emt 0:00:30]} Kg6 {[%emt 0:00:30]} 61. Ke4 {[%emt 0:06:40]} Re8+ {[%emt 0:01:50]} 62. Kd5 {[%emt 0:00:30]} Re1 {[%emt 0:00:30]} 63. Be6 {[%emt 0:00:30]} Ra1 {[%emt 0:00:30]} 64. Ne5+ {[%emt 0:00:30]} Kf6 {[%emt 0:00:30]} 65. Ng4+ {[%emt 0:00:30]} Kg6 {[%emt 0:00:30]} 66. Bd7 {[%emt 0:00:30]} Re1 {[%emt 0:00:30]} 67. Kd4 {[%emt 0:00:30]} Re2 {[%emt 0:00:30]} 68. Bc6 {[%emt 0:00:30]} Kf5 {[%emt 0:00:30]} 69. Be4+ {[%emt 0:00:30]} Kf4 {[%emt 0:00:30]} 70. Nf6 {[%emt 0:00:30]} Rd2+ {[%emt 0:00:30]} 71. Kc3 {[%emt 0:00:30]} Rd8 {[%emt 0:00:30]} 72. Nh5+ {[%emt 0:00:30]} Ke3 {[%emt 0:00:30]} 73. Kc4 {[%emt 0:00:30]} Rh8 {[%emt 0:00:30]} 74. Ng7 {[%emt 0:00:30]} Rxh3 {[%emt 0:00:30]} 75. Nf5+ {[%emt 0:00:30]} Kf4 {[%emt 0:00:30]} 76. Kd4 {[%emt 0:00:30]} Rxf3 {[%emt 0:00:30]} 77. Bxf3 {[%emt 0:00:30]} 1/2-1/2

[Event "CZE-ch Amateurs 2022"]
[Site "Luhacovice"]
[Date "2022.03.16"]
[Round "6.3"]
[White "Gabriel, Adam"]
[Black "Jun, Rudolf"]
[Result "1-0"]
[WhiteElo "2097"]
[BlackElo "2215"]
[Annotator "ChessBase"]
[PlyCount "113"]
[EventDate "2022.03.12"]
[EventType "swiss"]
[EventCountry "CZE"]
[SourceTitle "playchess.com"]
[Source "ChessBase"]
[SourceQuality "1"]
[TimeControl "5400+30"]

1. e4 {[%emt 0:00:15]} c5 {[%emt 0:00:08]} 2. Nf3 {[%emt 0:00:09]} Nc6 {[%emt 0:00:10]} 3. d4 {[%emt 0:00:09]} cxd4 {[%emt 0:00:04]} 4. Nxd4 {[%emt 0:00:05]} Nf6 {[%emt 0:00:06]} 5. Nc3 {[%emt 0:00:29]} e5 {[%emt 0:00:09]} 6. Nf5 {[%emt 0:00:52]} d5 {[%emt 0:00:53]} 7. exd5 {[%emt 0:00:21]} Bxf5 {[%emt 0:01:27]} 8. dxc6 {[%emt 0:00:13]} bxc6 {[%emt 0:08:20]} 9. Qf3 {[%emt 0:00:10]} Qd7 {[%emt 0:03:09]} 10. Bc4 {[%emt 0:00:57]} Bb4 {[%emt 0:05:17]} 11. Bg5 {[%emt 0:02:20]} Ne4 {[%emt 0:20:05]} 12. Bd3 {[%emt 0:01:23]} Nxg5 {[%emt 0:08:27]} 13. Qxf5 {[%emt 0:00:07]} Qxf5 {[%emt 0:00:57]} 14. Bxf5 {[%emt 0:00:06]} Ke7 {[%emt 0:02:07]} 15. h4 {[%emt 0:00:41]} Ne6 {[%emt 0:00:15]} 16. Bxe6 {[%emt 0:00:21]} Kxe6 {[%emt 0:00:39]} 17. Rh3 {[%emt 0:00:07]} Rhd8 {[%emt 0:01:11]} 18. a3 {[%emt 0:08:21]} Be7 {[%emt 0:01:49]} 19. Rd1 {[%emt 0:07:35]} Rd4 {[%emt 0:07:46]} 20. Rxd4 {[%emt 0:22:09]} exd4 {[%emt 0:00:11]} 21. Ne2 {[%emt 0:00:57]} c5 {[%emt 0:02:00]} 22. Kd2 {[%emt 0:05:27]} Rb8 {[%emt 0:05:06]} 23. b3 {[%emt 0:00:20]} Bd6 {[%emt 0:00:46]} 24. Kd3 {[%emt 0:00:47]} Kd5 {[%emt 0:01:26]} 25. Rf3 {[%emt 0:00:58]} f6 {[%emt 0:00:36]} 26. h5 {[%emt 0:01:17]} Be5 {[%emt 0:03:52]} 27. Nf4+ {[%emt 0:12:39]} Bxf4 {[%emt 0:17:27]} 28. Rxf4 {[%emt 0:00:06]} Re8 {[%emt 0:00:46]} 29. h6 {[%emt 0:01:26]} gxh6 {[%emt 0:04:57]} 30. Rxf6 {[%emt 0:00:09]} Rg8 {[%emt 0:00:25]} 31. g3 {[%emt 0:01:25]} Rg6 {[%emt 0:04:10]} 32. Rf5+ {[%emt 0:01:30]} Kc6 {[%emt 0:01:17]} 33. Kc4 {[%emt 0:00:34]} Kb6 {[%emt 0:00:30]} 34. Rxc5 {[%emt 0:03:02]} Rf6 {[%emt 0:00:30]} 35. f4 {[%emt 0:04:30]} Rg6 {[%emt 0:00:29]} 36. Rh5 {[%emt 0:01:08]} Kb7 {[%emt 0:00:31]} 37. Kxd4 {[%emt 0:00:21]} Rc6 {[%emt 0:00:30]} 38. c3 {[%emt 0:01:48]} Rg6 {[%emt 0:00:30]} 39. f5 {[%emt 0:04:14]} Rg4+ {[%emt 0:00:30]} 40. Ke5 {[%emt 0:00:33]} Rxg3 {[%emt 0:00:11]} 41. f6 {[%emt 0:00:05]} Re3+ {[%emt 0:00:27]} 42. Kd4 {[%emt 0:00:49]} Rf3 {[%emt 0:00:26]} 43. Rxh6 {[%emt 0:00:08]} Kb8 {[%emt 0:00:13]} 44. b4 {[%emt 0:01:00]} a6 {[%emt 0:00:26]} 45. a4 {[%emt 0:01:06]} Ka8 {[%emt 0:00:12]} 46. a5 {[%emt 0:01:07]} Rf1 {[%emt 0:00:25]} 47. Kc5 {[%emt 0:01:17]} Rf3 {[%emt 0:00:26]} 48. c4 {[%emt 0:00:39]} Rf4 {[%emt 0:00:40]} 49. Kd5 {[%emt 0:00:27]} Rf1 {[%emt 0:00:48]} 50. Ke6 {[%emt 0:02:56]} Re1+ {[%emt 0:00:11]} 51. Kd7 {[%emt 0:00:07]} Rd1+ {[%emt 0:00:14]} 52. Ke7 {[%emt 0:00:09]} Re1+ {[%emt 0:00:15]} 53. Kf8 {[%emt 0:00:10]} Re6 {[%emt 0:00:27]} 54. Kg7 {[%emt 0:00:10]} Ka7 {[%emt 0:00:21]} 55. f7 {[%emt 0:00:13]} Rxh6 {[%emt 0:00:22]} 56. Kxh6 {[%emt 0:00:14]} Kb7 {[%emt 0:00:05]} 57. f8=Q {[%emt 0:00:12]} 1-0

[Event "CZE-ch Amateurs 2022"]
[Site "Luhacovice"]
[Date "2022.03.16"]
[Round "6.4"]
[White "Kratochvil, Josef"]
[Black "Cupek, Martin"]
[Result "1-0"]
[WhiteElo "2200"]
[BlackElo "2108"]
[Annotator "ChessBase"]
[PlyCount "91"]
[EventDate "2022.03.12"]
[EventType "swiss"]
[EventCountry "CZE"]
[SourceTitle "playchess.com"]
[Source "ChessBase"]
[SourceQuality "1"]
[TimeControl "5400+30"]

1. e4 {[%emt 0:01:44]} d6 {[%emt 0:00:09]} 2. d4 {[%emt 0:00:06]} Nd7 {[%emt 0:00:24]} 3. Nc3 {[%emt 0:00:46]} e5 {[%emt 0:00:32]} 4. Nf3 {[%emt 0:00:42]} g6 {[%emt 0:00:48]} 5. Bc4 {[%emt 0:02:41]} c6 {[%emt 0:00:13]} 6. a4 {[%emt 0:02:24]} f6 {[%emt 0:03:17]} 7. O-O {[%emt 0:06:26]} a5 {[%emt 0:02:42]} 8. Be3 {[%emt 0:04:43]} Nh6 {[%emt 0:00:08]} 9. h3 {[%emt 0:05:23]} Qe7 {[%emt 0:01:40]} 10. Nh2 {[%emt 0:05:11]} Nf7 {[%emt 0:18:13]} 11. f4 {[%emt 0:05:22]} exd4 {[%emt 0:06:34]} 12. Qxd4 {[%emt 0:03:21]} Nc5 {[%emt 0:01:47]} 13. e5 {[%emt 0:09:30]} d5 {[%emt 0:18:14]} 14. Bxd5 {[%emt 0:08:47]} f5 {[%emt 0:16:55]} 15. Rad1 {[%emt 0:07:25]} Be6 {[%emt 0:00:30]} 16. Bxe6 {[%emt 0:01:51]} Nxe6 {[%emt 0:00:05]} 17. Qc4 {[%emt 0:00:22]} Bh6 {[%emt 0:02:00]} 18. Nf3 {[%emt 0:02:14]} O-O {[%emt 0:05:12]} 19. Nd4 {[%emt 0:00:57]} Nxd4 {[%emt 0:03:05]} 20. Rxd4 {[%emt 0:00:35]} Kh8 {[%emt 0:01:33]} 21. Re1 {[%emt 0:06:00]} Rfe8 {[%emt 0:03:16]} 22. Rd3 {[%emt 0:03:56]} Kg8 {[%emt 0:06:06]} 23. Bc5 {[%emt 0:05:39]} Qe6 {[%emt 0:00:11]} 24. Qxe6 {[%emt 0:00:17]} Rxe6 {[%emt 0:00:02]} 25. g3 {[%emt 0:01:51]} Bf8 {[%emt 0:03:53]} 26. Bxf8 {[%emt 0:01:02]} Kxf8 {[%emt 0:00:02]} 27. Red1 {[%emt 0:00:12]} Ke8 {[%emt 0:00:44]} 28. Ne2 {[%emt 0:03:51]} Rd8 {[%emt 0:01:15]} 29. Nd4 {[%emt 0:00:53]} Re7 {[%emt 0:00:01]} 30. Nb3 {[%emt 0:00:25]} b6 {[%emt 0:02:23]} 31. Nd4 {[%emt 0:01:03]} Rc8 {[%emt 0:00:52]} 32. Kf2 {[%emt 0:03:20]} Nd8 {[%emt 0:00:15]} 33. Rb3 {[%emt 0:02:46]} Rb7 {[%emt 0:00:50]} 34. g4 {[%emt 0:00:18]} fxg4 {[%emt 0:01:50]} 35. hxg4 {[%emt 0:00:04]} b5 {[%emt 0:00:23]} 36. Ke3 {[%emt 0:01:01]} bxa4 {[%emt 0:00:12]} 37. Rxb7 {[%emt 0:00:07]} Nxb7 {[%emt 0:00:08]} 38. f5 {[%emt 0:00:13]} gxf5 {[%emt 0:01:28]} 39. gxf5 {[%emt 0:00:05]} Nc5 {[%emt 0:00:08]} 40. Kf4 {[%emt 0:01:35]} Rd8 {[%emt 0:01:32]} 41. c3 {[%emt 0:01:07]} Rd5 {[%emt 0:00:01]} 42. e6 {[%emt 0:01:13]} Nb3 {[%emt 0:01:22]} 43. Rh1 {[%emt 0:00:37]} c5 {[%emt 0:00:33]} 44. Nf3 {[%emt 0:00:56]} Nd2 {[%emt 0:00:19]} 45. Ne5 {[%emt 0:01:00]} c4 {[%emt 0:00:39]} 46. Rxh7 {[%emt 0:00:29]} 1-0

[Event "CZE-ch Amateurs 2022"]
[Site "Luhacovice"]
[Date "2022.03.16"]
[Round "6.5"]
[White "Horvath, Tomas"]
[Black "Nemec, Pavel"]
[Result "1/2-1/2"]
[WhiteElo "2079"]
[BlackElo "2223"]
[Annotator "RC"]
[PlyCount "31"]
[EventDate "2022.03.12"]
[EventType "swiss"]
[EventCountry "CZE"]
[SourceTitle "playchess.com"]
[Source "ChessBase"]
[SourceQuality "1"]
[TimeControl "5400+30"]

1. e4 {[%emt 0:00:14]} c5 {[%emt 0:00:07]} 2. d4 {[%emt 0:00:04]} cxd4 {[%emt 0:00:19]} 3. c3 {[%emt 0:00:06]} d5 {[%emt 0:00:42]} 4. exd5 {[%emt 0:00:12]} Qxd5 {[%emt 0:00:02]} 5. cxd4 {[%emt 0:00:09]} Nc6 {[%emt 0:01:01]} 6. Nf3 {[%emt 0:00:17]} Nf6 {[%emt 0:00:59]} 7. Nc3 {[%emt 0:00:13]} Qd8 {[%emt 0:00:13]} 8. d5 {[%emt 0:02:23]} Nb8 {[%emt 0:00:39]} 9. Bc4 {[%emt 0:01:42]} g6 {[%emt 0:03:54]} 10. O-O {[%emt 0:01:32]} Bg7 {[%emt 0:00:06]} 11. Bf4 {[%emt 0:02:21]} O-O {[%emt 0:00:38]} 12. d6 {[%emt 0:02:03]} e6 {[%emt 0:00:45]} 13. Qd2 {[%emt 0:02:52]} Bd7 {[%emt 0:02:31]} 14. Rfd1 {[%emt 0:03:21]} Nc6 {[%emt 0:02:28]} 15. Rac1 {[%emt 0:05:29]} Qa5 {[%emt 0:07:22]} 16. a3 {[%emt 0:06:30]} 1/2-1/2

[Event "CZE-ch Amateurs 2022"]
[Site "Luhacovice"]
[Date "2022.03.16"]
[Round "6.6"]
[White "Galicek, Stanislav"]
[Black "Mudrak, Josef"]
[Result "0-1"]
[WhiteElo "2079"]
[BlackElo "2219"]
[Annotator "RC"]
[PlyCount "66"]
[EventDate "2022.03.12"]
[EventType "swiss"]
[EventCountry "CZE"]
[SourceTitle "playchess.com"]
[Source "ChessBase"]
[SourceQuality "1"]
[TimeControl "5400+30"]

1. c4 {[%emt 0:00:11]} e5 {[%emt 0:05:23]} 2. Nc3 {[%emt 0:00:09]} Nc6 {[%emt 0:00:59]} 3. Nf3 {[%emt 0:00:41]} f5 {[%emt 0:00:24]} 4. d3 {[%emt 0:05:02]} Nf6 {[%emt 0:00:25]} 5. g3 {[%emt 0:01:15]} d6 {[%emt 0:04:46]} 6. Bg2 {[%emt 0:00:43]} g6 {[%emt 0:03:31]} 7. O-O {[%emt 0:00:51]} Bg7 {[%emt 0:00:17]} 8. Rb1 {[%emt 0:04:32]} a5 {[%emt 0:01:07]} 9. a3 {[%emt 0:01:24]} O-O {[%emt 0:07:37]} 10. b4 {[%emt 0:00:50]} axb4 {[%emt 0:02:11]} 11. axb4 {[%emt 0:00:08]} h6 {[%emt 0:01:13]} 12. b5 {[%emt 0:05:45]} Ne7 {[%emt 0:06:19]} 13. Bb2 {[%emt 0:04:22]} g5 {[%emt 0:02:52]} 14. Ra1 {[%emt 0:04:15]} Rxa1 {[%emt 0:03:17]} 15. Qxa1 {[%emt 0:01:03]} b6 {[%emt 0:00:26]} 16. Nd2 {[%emt 0:05:58]} f4 {[%emt 0:04:49]} 17. Nde4 {[%emt 0:06:06]} Ne8 {[%emt 0:05:29]} 18. Qa8 {[%emt 0:05:27]} Qd7 {[%emt 0:03:17]} 19. Nd5 {[%emt 0:14:25]} Nxd5 {[%emt 0:07:02]} 20. Qxd5+ {[%emt 0:00:31]} Kh8 {[%emt 0:03:39]} 21. h3 {[%emt 0:17:00]} g4 {[%emt 0:03:45]} 22. hxg4 {[%emt 0:00:53]} Qxg4 {[%emt 0:01:03]} 23. gxf4 {[%emt 0:02:04]} Qxe2 {[%emt 0:01:34]} 24. Bc1 {[%emt 0:03:48]} exf4 {[%emt 0:03:18]} 25. f3 {[%emt 0:00:22]} Be5 {[%emt 0:02:19]} 26. Kh2 {[%emt 0:04:05]} Ng7 {[%emt 0:12:18]} 27. Rf2 {[%emt 0:02:46]} Qd1 {[%emt 0:00:50]} 28. Bb2 {[%emt 0:00:42]} Bxb2 {[%emt 0:00:43]} 29. Rxb2 {[%emt 0:00:04]} Rf5 {[%emt 0:00:24]} 30. Nf2 {[%emt 0:01:37]} Qa1 {[%emt 0:05:03]} 31. Qd4 {[%emt 0:00:44]} Re5 {[%emt 0:01:41]} 32. Bh3 {[%emt 0:08:12]} Bxh3 {[%emt 0:01:25]} 33. Kxh3 {[%emt 0:00:08]} Re2 {[%emt 0:00:37]} 0-1

[Event "CZE-ch Amateurs 2022"]
[Site "Luhacovice"]
[Date "2022.03.16"]
[Round "6.7"]
[White "Slepov, Kyryl"]
[Black "Cagasik, Tomas"]
[Result "1-0"]
[WhiteElo "2064"]
[BlackElo "2177"]
[Annotator "ChessBase"]
[PlyCount "51"]
[EventDate "2022.03.12"]
[EventType "swiss"]
[EventCountry "CZE"]
[SourceTitle "playchess.com"]
[Source "ChessBase"]
[SourceQuality "1"]
[TimeControl "5400+30"]

1. c4 {[%emt 0:02:43]} b6 {[%emt 0:05:19]} 2. e4 {[%emt 0:00:53]} Bb7 {[%emt 0:00:19]} 3. Nc3 {[%emt 0:00:20]} e6 {[%emt 0:00:17]} 4. Nf3 {[%emt 0:00:40]} Bb4 {[%emt 0:00:39]} 5. d3 {[%emt 0:00:12]} Bxc3+ {[%emt 0:06:22]} 6. bxc3 {[%emt 0:01:18]} d6 {[%emt 0:01:03]} 7. g3 {[%emt 0:00:14]} Nf6 {[%emt 0:02:04]} 8. Bg2 {[%emt 0:00:09]} O-O {[%emt 0:01:06]} 9. O-O {[%emt 0:00:07]} c5 {[%emt 0:04:34]} 10. Bg5 {[%emt 0:01:47]} h6 {[%emt 0:01:41]} 11. Bd2 {[%emt 0:01:18]} Nc6 {[%emt 0:01:49]} 12. Qe2 {[%emt 0:01:45]} Qc7 {[%emt 0:02:10]} 13. Nh4 {[%emt 0:04:27]} Rad8 {[%emt 0:02:25]} 14. f4 {[%emt 0:00:53]} d5 {[%emt 0:08:44]} 15. e5 {[%emt 0:00:43]} Nh7 {[%emt 0:01:23]} 16. cxd5 {[%emt 0:01:36]} exd5 {[%emt 0:00:23]} 17. Nf5 {[%emt 0:01:18]} Ne7 {[%emt 0:03:19]} 18. Nd6 {[%emt 0:00:58]} Bc6 {[%emt 0:01:33]} 19. d4 {[%emt 0:00:27]} Qd7 {[%emt 0:05:36]} 20. Qh5 {[%emt 0:04:53]} Qc7 {[%emt 0:04:22]} 21. f5 {[%emt 0:01:38]} Rxd6 {[%emt 0:05:03]} 22. exd6 {[%emt 0:00:47]} Qxd6 {[%emt 0:00:03]} 23. Bf4 {[%emt 0:00:31]} Qd7 {[%emt 0:00:16]} 24. Bxh6 {[%emt 0:01:10]} gxh6 {[%emt 0:09:36]} 25. f6 {[%emt 0:03:08]} Nc8 {[%emt 0:06:17]} 26. Bh3 {[%emt 0:01:07]} 1-0

[Event "CZE-ch Amateurs 2022"]
[Site "Luhacovice"]
[Date "2022.03.16"]
[Round "6.8"]
[White "Bokhnak, Timofey"]
[Black "Sremanak, Slavomir"]
[Result "1/2-1/2"]
[WhiteElo "1978"]
[BlackElo "2187"]
[Annotator "ChessBase"]
[PlyCount "130"]
[EventDate "2022.03.12"]
[EventType "swiss"]
[EventCountry "CZE"]
[SourceTitle "playchess.com"]
[Source "ChessBase"]
[SourceQuality "1"]
[TimeControl "5400+30"]

1. e4 {[%emt 0:00:20]} c5 {[%emt 0:00:06]} 2. c3 {[%emt 0:00:05]} d6 {[%emt 0:01:20]} 3. d4 {[%emt 0:00:08]} Nd7 {[%emt 0:00:09]} 4. Nf3 {[%emt 0:00:21]} Qc7 {[%emt 0:01:53]} 5. Be3 {[%emt 0:03:02]} Ngf6 {[%emt 0:00:11]} 6. Nbd2 {[%emt 0:00:26]} g6 {[%emt 0:00:51]} 7. Bc4 {[%emt 0:00:55]} Nb6 {[%emt 0:01:29]} 8. Bb5+ {[%emt 0:07:51]} Bd7 {[%emt 0:00:13]} 9. Qb3 {[%emt 0:02:09]} Bxb5 {[%emt 0:07:48]} 10. Qxb5+ {[%emt 0:00:35]} Nfd7 {[%emt 0:05:58]} 11. a4 {[%emt 0:03:35]} a6 {[%emt 0:04:44]} 12. Qb3 {[%emt 0:00:46]} c4 {[%emt 0:02:10]} 13. Qc2 {[%emt 0:03:08]} Bg7 {[%emt 0:04:00]} 14. a5 {[%emt 0:03:09]} Nc8 {[%emt 0:00:06]} 15. O-O {[%emt 0:00:45]} O-O {[%emt 0:00:18]} 16. Ra4 {[%emt 0:03:39]} b5 {[%emt 0:00:18]} 17. axb6 {[%emt 0:00:03]} Ncxb6 {[%emt 0:00:05]} 18. Ra5 {[%emt 0:00:07]} Qb7 {[%emt 0:10:56]} 19. Rfa1 {[%emt 0:01:21]} e6 {[%emt 0:00:26]} 20. d5 {[%emt 0:10:24]} exd5 {[%emt 0:03:05]} 21. exd5 {[%emt 0:00:06]} Nxd5 {[%emt 0:09:32]} 22. Nxc4 {[%emt 0:01:01]} Nxe3 {[%emt 0:00:19]} 23. Nxe3 {[%emt 0:00:09]} Nc5 {[%emt 0:01:51]} 24. Nd2 {[%emt 0:06:53]} Rfe8 {[%emt 0:12:44]} 25. b4 {[%emt 0:07:03]} Nd7 {[%emt 0:06:16]} 26. Nd5 {[%emt 0:02:36]} Re5 {[%emt 0:01:33]} 27. Qd3 {[%emt 0:05:12]} Nc5 {[%emt 0:01:29]} 28. bxc5 {[%emt 0:02:31]} Qxd5 {[%emt 0:00:10]} 29. Qxd5 {[%emt 0:01:33]} Rxd5 {[%emt 0:00:05]} 30. Ne4 {[%emt 0:00:12]} f5 {[%emt 0:03:58]} 31. Ng3 {[%emt 0:08:35]} Bxc3 {[%emt 0:00:18]} 32. Rxa6 {[%emt 0:00:05]} Rxa6 {[%emt 0:00:18]} 33. Rxa6 {[%emt 0:00:05]} Rd1+ {[%emt 0:00:09]} 34. Nf1 {[%emt 0:00:06]} dxc5 {[%emt 0:00:05]} 35. g3 {[%emt 0:00:47]} Bd4 {[%emt 0:03:44]} 36. Kg2 {[%emt 0:00:31]} c4 {[%emt 0:00:59]} 37. Rc6 {[%emt 0:03:07]} c3 {[%emt 0:01:00]} 38. Ne3 {[%emt 0:02:17]} Rd2 {[%emt 0:00:23]} 39. Kf3 {[%emt 0:00:11]} Kf7 {[%emt 0:03:26]} 40. h4 {[%emt 0:04:14]} Ke7 {[%emt 0:01:48]} 41. h5 {[%emt 0:00:52]} Kd7 {[%emt 0:00:37]} 42. Rc4 {[%emt 0:00:14]} gxh5 {[%emt 0:01:52]} 43. Nxf5 {[%emt 0:02:01]} Rxf2+ {[%emt 0:00:12]} 44. Ke4 {[%emt 0:00:03]} Bf6 {[%emt 0:00:21]} 45. Ne3 {[%emt 0:02:25]} Kd6 {[%emt 0:04:33]} 46. Nf5+ {[%emt 0:00:19]} Ke6 {[%emt 0:00:09]} 47. Ne3 {[%emt 0:04:35]} Rd2 {[%emt 0:01:28]} 48. Rc6+ {[%emt 0:01:22]} Kf7 {[%emt 0:00:28]} 49. Kf5 {[%emt 0:00:02]} Rf2+ {[%emt 0:00:51]} 50. Ke4 {[%emt 0:00:01]} Kg6 {[%emt 0:02:31]} 51. Nd5 {[%emt 0:00:24]} Kg5 {[%emt 0:00:25]} 52. Ke3 {[%emt 0:04:17]} Rf5 {[%emt 0:00:29]} 53. Nxf6 {[%emt 0:00:05]} Rxf6 {[%emt 0:00:10]} 54. Rxc3 {[%emt 0:00:05]} Kg4 {[%emt 0:00:08]} 55. Ke2 {[%emt 0:00:03]} h6 {[%emt 0:00:54]} 56. Rd3 {[%emt 0:00:13]} Rf5 {[%emt 0:00:11]} 57. Rb3 {[%emt 0:00:41]} Kh3 {[%emt 0:00:15]} 58. Rf3 {[%emt 0:00:43]} Ra5 {[%emt 0:00:32]} 59. Kf2 {[%emt 0:00:36]} Kh2 {[%emt 0:01:41]} 60. Rf6 {[%emt 0:01:05]} Rg5 {[%emt 0:01:28]} 61. Rf3 {[%emt 0:00:42]} Rb5 {[%emt 0:00:38]} 62. Rf6 {[%emt 0:00:09]} Rb2+ {[%emt 0:00:19]} 63. Kf3 {[%emt 0:00:14]} Rb3+ {[%emt 0:00:11]} 64. Kf4 {[%emt 0:00:21]} Rb4+ {[%emt 0:01:33]} 65. Kf3 {[%emt 0:00:08]} Rb3+ {[%emt 0:00:30]} 1/2-1/2